| 000 | 01687nam0a2200337 4500 | ||
|---|---|---|---|
| 001 | RU\NLR\BIBL_A\012008744 | ||
| 005 | 20190611123008.0 | ||
| 010 |
_a978-5-00122-964-3 _9500 |
||
| 021 |
_aRU _bКН-П-19-027236 _9КН-П-19-2056 |
||
| 035 | _a(NLR Aleph) 012008744 | ||
| 035 | _a(RuMoRGB)009948981 | ||
| 090 |
_a11440387 _c11440387 |
||
| 100 | _a20190513d2019 u y0rusy50 ca | ||
| 101 | 0 | _arus | |
| 102 | _aRU | ||
| 105 | _aac||z|||000zy | ||
| 200 | 1 |
_aМануальная BioACP® пластика лица. Новая версия методики "Мануальная блефаропластика и круговая подтяжка лица" _eметодическое пособие _fИрисова О. А., Ирисов А. Е. _gМеждународный институт прфессиональной ароматерапии, Центр ароматерапии "ИРИС" |
|
| 210 |
_aМосква _cПеро _d2019 |
||
| 215 |
_a28 с. _cил., цв. ил. _d21 |
||
| 300 | _aНа 2-й с. 1-й авт.: Ирисова О. А., к.б.н. | ||
| 309 | _aБез тит. л. Описано по обл. | ||
| 517 | 1 | _aНовая версия методики "Мануальная блефаропластика и круговая подтяжка лица" | |
| 606 | 1 |
_aЛицо _xМануальная пластика _jМетодические пособия _2nlr_sh2 _3RU\NLR\AUTH\6601656767 |
|
| 686 | 1 | _aР354.15я8 | |
| 700 | 1 |
_aИрисова _bО.А. _gОльга Анатольевна |
|
| 701 | 1 |
_aИрисов _bА. Е. |
|
| 942 | _cBOOK | ||
| 980 | _aNBR | ||
| 980 | _aNB | ||